Visualizzazione normale
Vista MARC
- Benedicto
di Personal Name
Records bibliografici associati: 1
001 - CONTROL NUMBER
- control field: 6805
003 - CONTROL NUMBER IDENTIFIER
- control field: IT-RoINE
005 - DATE AND TIME OF LATEST TRANSACTION
- control field: 20140429155122.0
008 - FIXED-LENGTH DATA ELEMENTS
- fixed length control field: 140429|| aca||aabn | a|a d
040 ## - CATALOGING SOURCE
- Original cataloging agency: IT-RoINE
- Transcribing agency: IT-RoINE
100 ## - HEADING--PERSONAL NAME
- Personal name: Benedicto
- Numeration: XIV,
- Titles and other words associated with a name: Papa,
- Dates associated with a name: 1675-1758
- General subdivision: Biografía
670 ## - SOURCE DATA FOUND
- Source citation: Work cat.: (IT-RoINE)0: Morelli, Emilia, 1913-1995 6804, Tre profili :, 1955.